000 00282nam a2200121Ia 4500
008 200103s9999||||xx |||||||||||||| ||und||
040 _aIMU-MPC
082 _aColumn-15
100 _aFernandes, Edrich
245 0 _aBridge Equipment & Watchkeeping notes
300 _a71
942 _cBK
999 _c5671
_d5671